Výrobce hvězd padesáta léta. Líný klid sicílskeho městečka naruší příchod jediného muže

Bibliographic Details
Other Authors: Tornatore, Giuseppe (Author of dialog), Castellito, Sergio (uci), Lodato, Tiziana (uci)
Format: Book
Language:Czech
PhysicalDescription:1 videokazeta (109 min.) stereo, fareb., VHS systém PAL 10x19 cm
Published: Bratislava Intersonic 1997
Subjects:

MARC

LEADER 00000nam a2200000 a 4500
001 vtls001305614
003 SK-MaSNL
005 20260302032924.0
008 251031s1997 xo 0 cze
015 |a SNBJ1997/04-01570 
035 |a SNK000257841 
040 |a SNK  |b slo  |c SNK  |e AACR2 
041 0 |a cze 
044 |a xo  |c SK 
080 |a 791.43(73+450)(086.8)  |2 1981 
240 1 0 |a Starman  |l Česky 
245 1 |a Výrobce hvězd  |h videozáznam  |b padesáta léta. Líný klid sicílskeho městečka naruší příchod jediného muže  |c réžia Giuseppe Tornatore 
260 |a Bratislava  |b Intersonic  |c 1997 
300 |a 1 videokazeta (109 min.)  |b stereo, fareb., VHS systém PAL  |c 10x19 cm 
511 |a Hrajú: Sergio Castellito, Tiziana Lodato 
521 |a Mládeži do 15 r. nevhodné 
650 0 7 |a filmy psychologické  |x videokazety  |2 SNK  |9 283653 
655 7 |a videokazety  |2 SNK  |9 70726 
700 1 |a Tornatore, Giuseppe  |4 aud  |9 630475 
700 1 |a Castellito, Sergio  |4 uci  |9 43163 
700 1 |a Lodato, Tiziana  |4 uci  |9 45370 
730 |t Starman  |9 682483 
999 |c 1059236  |d 1061166 
952 |t P60, <03>, [BOOK], {603}  |a SNK  |b SNK  |y PREZ  |7 0  |p 17A0092344  |o snkSVC 922  |i snkJK 497/97  |0 0  |1 0  |4 0  |d 1997-10-07  |l 0  |r 2005-01-02 00:00:00  |w 2026-02-24